000 00668nam a2200205 a 4500
005 20221008064105.0
008 050202s2002 mx r 000 0 spa d
020 _a0415216869
035 _aUPN01000137222
049 _aCG
050 4 _aTS171.4
_bI8.8
245 0 0 _aIssues in design and technology teaching /
_ced. by Su Sayers, Jim Morley, Bob Barnes.
260 _aNew York :
_bRoutledge Falmer,
_c2002.
300 _axiv, 258 p. :
_bil.
440 0 _aIssues in subject teaching series
650 4 _aDISEÑO INDUSTRIAL -
_xESTUDIO Y ENSEÑANZA
_914628
650 7 _aTecnología
_xEstudio y enseñanza
_2
_99465
700 1 _aSayers, Su,
_ecoaut.
905 _aLibro
999 _c109373
_d109373